|
|
|
|
| LEADER |
01084cam a2200265 7i4500 |
| 001 |
0000058960 |
| 005 |
20210419090000.0 |
| 020 |
|
|
|a 9781403946409 (electronic book)
|
| 090 |
0 |
0 |
|a P118.15
|b .G65 2015
|
| 100 |
1 |
|
|a Gollin-Kies, Sandra
|
| 245 |
1 |
0 |
|a Language for specific purposes
|c andra Gollin-Kies, David R. Hall, Stephen H. Moore.
|
| 264 |
|
|
|a New York, NY:
|b Palgrave Macmillan,
|c 2015.
|
| 300 |
|
|
|a 1 online resource (xvii, 276 pages):
|b illustrations, text file, PDF.
|
| 336 |
|
|
|a text
|2 rdacontent
|
| 337 |
|
|
|a computer
|2 rdamedia
|
| 338 |
|
|
|a online resource
|2 rdacarrier
|
| 650 |
0 |
0 |
|a Language acquisition --
|x Study and teaching
|
| 650 |
0 |
0 |
|a Language and languages --
|x Study and teaching
|
| 655 |
0 |
0 |
|a Electronic books
|
| 700 |
1 |
|
|a Hall, David R
|
| 700 |
1 |
|
|a Moore, Stephen H
|
| 856 |
4 |
2 |
|u http://library.unisel.edu.my/equip-unisel/custom/ebook_catalog/LanguageForSpecificPurposes.pdf
|
| 997 |
|
|
|a Education & Social Sciences, Faculty
|b Language Education, Department
|
| 998 |
|
|
|a Education (TESL), Degree
|
| 999 |
|
|
|a EBO0005312
|b EBOOK
|c EBOOK
|e Electronic resources
|